[Event "Sparkassen Chess Trophy 2024 A-Open"]
[Site "Dortmund"]
[Date "2024.08.10"]
[Round "1.45"]
[White "Follesa, Enrico"]
[Black "Thompson, Ian D"]
[Result "1/2-1/2"]
[WhiteElo "2241"]
[BlackElo "2003"]
[PlyCount "89"]
[EventDate "2024.08.10"]

1. e4 e6 2. d4 d5 3. Nd2 Nf6 4. e5 Nfd7 5. Bd3 c5 6. c3 Nc6 7. Ne2 cxd4 8. cxd4 f6 9. exf6 Qxf6 10. Nf3 h6 11. O-O Bd6 12. Ng3 O-O 13. Bc2 Rd8 14. a3 Nf8 15. Re1 Qf7 16. b4 Bd7 17. Qd3 a6 18. Bd2 Rac8 19. Rac1 Be8 20. Qe3 Bb8 21. Bd3 Ba7 22. Ne2 Qf6 23. Bc3 Bh5 24. b5 axb5 25. Bxb5 Bxf3 26. gxf3 Ng6 27. f4 Bb8 28. Bd2 Rf8 29. Bxc6 bxc6 30. Rc3 Nxf4 31. Nxf4 Bxf4 32. Qxf4 Qxf4 33. Bxf4 Rxf4 34. Rxe6 Rxd4 35. Rexc6 Rxc6 36. Rxc6 Ra4 37. Rc3 Kf7 38. Kf1 Ke6 39. Ke2 Ke5 40. Rb3 Rh4 41. h3 g5 42. Rc3 Kd6 43. Rf3 Kc5 44. Kd2 g4 45. Rc3+ 1/2-1/2

[Event "Sparkassen Chess Trophy 2024 A-Open"]
[Site "Dortmund"]
[Date "2024.08.10"]
[Round "1.44"]
[White "Stegert, Jonas"]
[Black "Rosen, Bernd"]
[Result "1/2-1/2"]
[WhiteElo "1945"]
[BlackElo "2245"]
[PlyCount "62"]
[EventDate "2024.08.10"]

1. d4 Nf6 2. c4 c5 3. d5 e5 4. Nc3 d6 5. e4 Nbd7 6. Be2 Be7 7. Be3 O-O 8. Qd2 a6 9. a4 Rb8 10. h3 Ne8 11. g4 Nc7 12. Nf3 Re8 13. a5 b6 14. axb6 Rxb6 15. Kd1 Nf8 16. Ne1 Ng6 17. Nd3 Rb7 18. Kc2 h6 19. Rag1 Bg5 20. f4 exf4 21. Nxf4 Nxf4 22. Bxf4 Qf6 23. Bxg5 Qxg5 24. Qxg5 hxg5 25. Ra1 Bd7 26. Bd3 Rb6 27. Kc1 Re7 28. Bc2 Rb4 29. b3 Rb6 30. Kd2 Ne8 31. Rhe1 Re5 1/2-1/2

[Event "Sparkassen Chess Trophy 2024 A-Open"]
[Site "Dortmund"]
[Date "2024.08.10"]
[Round "1.43"]
[White "Albert, Markus"]
[Black "Slanina, Aaron"]
[Result "1-0"]
[WhiteElo "2247"]
[BlackElo "2001"]
[PlyCount "49"]
[EventDate "2024.08.10"]

1. Nc3 c5 2. e4 Nc6 3. Nf3 g6 4. Bb5 Bg7 5. Bxc6 bxc6 6. O-O Nf6 7. Re1 O-O 8. h3 d5 9. d3 Rb8 10. Qe2 Re8 11. e5 Nd7 12. e6 fxe6 13. Qxe6+ Kh8 14. Ng5 Ne5 15. Qxe5 Bxe5 16. Nf7+ Kg8 17. Nxd8 Bxc3 18. bxc3 Rxd8 19. Rxe7 Rd7 20. Re6 Rc7 21. Rd6 Bd7 22. Bf4 Rb2 23. Re1 Kf7 24. Be5 Be6 25. Rxe6 1-0

[Event "Sparkassen Chess Trophy 2024 A-Open"]
[Site "Dortmund"]
[Date "2024.08.10"]
[Round "1.42"]
[White "Holzwarth, Felix"]
[Black "Froeyman, Helmut"]
[Result "0-1"]
[WhiteElo "1991"]
[BlackElo "2252"]
[PlyCount "76"]
[EventDate "2024.08.10"]

1. e4 e5 2. Nf3 Nc6 3. Bc4 Bc5 4. O-O Nf6 5. d4 Bxd4 6. Nxd4 Nxd4 7. Bg5 h6 8. Bh4 d6 9. f4 Bg4 10. Bxf6 Bxd1 11. Bxd8 Rxd8 12. Rxd1 Nxc2 13. Nc3 Nxa1 14. Rxa1 exf4 15. Rf1 c6 16. Rxf4 Rd7 17. h4 Re7 18. a4 Rf8 19. Kf2 Re5 20. g4 Ke7 21. Rf3 g6 22. Bd3 h5 23. Rg3 hxg4 24. Rxg4 a6 25. Ne2 Rc8 26. Rf4 b5 27. axb5 axb5 28. Nd4 c5 29. Nf3 c4 30. Bf1 Rec5 31. Ng5 Rf8 32. Nh7 Ra8 33. Nf6 Ra2 34. Nd5+ Ke8 35. Ke3 Rxb2 36. Kd4 c3 37. Nxc3 Rb4+ 38. Kd3 Rb3 0-1

[Event "Sparkassen Chess Trophy 2024 A-Open"]
[Site "Dortmund"]
[Date "2024.08.10"]
[Round "1.41"]
[White "Schimnatkowski, Lukas"]
[Black "Della Sala, Bruno"]
[Result "0-1"]
[WhiteElo "2235"]
[BlackElo "2010"]
[PlyCount "80"]
[EventDate "2024.08.10"]

1. e4 c5 2. Nc3 Nc6 3. Bb5 Nd4 4. Bc4 e6 5. Nge2 a6 6. Nxd4 cxd4 7. Ne2 b5 8. Bb3 Bc5 9. d3 Bb7 10. O-O d5 11. e5 Ne7 12. Ng3 Qc7 13. Re1 Bb4 14. Bd2 Bxd2 15. Qxd2 Ng6 16. Qb4 Nxe5 17. Qxd4 Ng6 18. Qxg7 O-O-O 19. d4 h5 20. Re3 h4 21. Ne2 h3 22. g3 Nh4 23. Rc3 Bc6 24. Qe5 b4 25. Rxc6 Nf3+ 26. Kh1 Qxc6 27. Qe3 Nh4 28. gxh4 Rxh4 29. c3 Qb5 30. Ng3 Kb7 31. Qg5 Rdh8 32. Qe7+ Ka8 33. Rd1 Rf4 34. Kg1 Rf3 35. Qxb4 Rxg3+ 36. hxg3 Qe2 37. Qd6 h2+ 38. Kg2 Qe4+ 39. f3 Qe2+ 40. Kh1 Qxf3# 0-1

[Event "Sparkassen Chess Trophy 2024 A-Open"]
[Site "Dortmund"]
[Date "2024.08.10"]
[Round "1.40"]
[White "Van Amerongen, Arjen"]
[Black "Knudsen, Simon"]
[Result "0-1"]
[WhiteElo "2011"]
[BlackElo "2251"]
[PlyCount "56"]
[EventDate "2024.08.10"]

1. d4 g6 2. e4 Bg7 3. Nc3 d6 4. Bf4 a6 5. Qd2 b5 6. O-O-O Bb7 7. f3 Nd7 8. h4 h6 9. Nh3 c5 10. dxc5 Nxc5 11. e5 dxe5 12. Qxd8+ Rxd8 13. Rxd8+ Kxd8 14. Be3 Nd7 15. a4 b4 16. Na2 a5 17. Bc4 e6 18. Rd1 Ke7 19. c3 Ngf6 20. cxb4 Rc8 21. b3 Bd5 22. bxa5 Bxc4 23. bxc4 Rxc4+ 24. Kb2 Nd5 25. Bf2 Rxa4 26. Kb3 Rxa5 27. Nc3 Nxc3 28. Kxc3 Ra2 0-1

[Event "Sparkassen Chess Trophy 2024 A-Open"]
[Site "Dortmund"]
[Date "2024.08.10"]
[Round "1.39"]
[White "Song, Ethan"]
[Black "Tomasjan, Samuel"]
[Result "1/2-1/2"]
[WhiteElo "2269"]
[BlackElo "2011"]
[PlyCount "109"]
[EventDate "2024.08.10"]

1. e4 e6 2. d4 d5 3. Nd2 dxe4 4. Nxe4 Nd7 5. Nf3 Ngf6 6. Bd3 Be7 7. Qe2 O-O 8. O-O Nxe4 9. Qxe4 Nf6 10. Qe2 b6 11. Bf4 Bb7 12. c3 Qc8 13. c4 Re8 14. Be5 c5 15. Rad1 Rd8 16. Rfe1 h6 17. dxc5 Qxc5 18. a3 a5 19. Nd4 Bd6 20. Bxf6 gxf6 21. Be4 Bxe4 22. Qxe4 Qh5 23. h3 Rac8 24. Nf3 Kg7 25. Rd3 Qg6 26. Qxg6+ fxg6 27. Red1 Be7 28. Rd7 Kf7 29. Rxd8 Bxd8 30. Rd7+ Be7 31. Nd2 e5 32. b4 axb4 33. axb4 Rd8 34. Rxd8 Bxd8 35. Kf1 Ke6 36. Ke2 f5 37. f3 Kd6 38. Kd3 Kc6 39. g4 Be7 40. gxf5 gxf5 41. Nf1 Bxb4 42. Ne3 e4+ 43. fxe4 fxe4+ 44. Kxe4 Bd2 45. Nf5 Kc5 46. Kd3 Bf4 47. Nd4 Be5 48. Nf5 Bf4 49. h4 b5 50. cxb5 Kxb5 51. Ke4 Bc1 52. Ke5 Kc5 53. Kf6 Bg5+ 54. hxg5 hxg5 55. Kxg5 1/2-1/2

[Event "Sparkassen Chess Trophy 2024 A-Open"]
[Site "Dortmund"]
[Date "2024.08.10"]
[Round "1.38"]
[White "Hagenmeyer, Felix"]
[Black "Gallana, Marco"]
[Result "1/2-1/2"]
[WhiteElo "1998"]
[BlackElo "2276"]
[PlyCount "61"]
[EventDate "2024.08.10"]

1. e4 c5 2. Nf3 d6 3. d4 cxd4 4. Nxd4 Nf6 5. Nc3 g6 6. Be3 Nc6 7. f3 h5 8. Qd2 Nxd4 9. Qxd4 Bg7 10. O-O-O O-O 11. Qd2 Be6 12. Kb1 Rc8 13. Bd4 a6 14. Nd5 Bxd5 15. exd5 b5 16. Be2 Qd7 17. Rhe1 Qf5 18. Qc1 Rc7 19. g4 hxg4 20. fxg4 Nxg4 21. Rf1 Qc8 22. Bxg7 Kxg7 23. Rd4 Ne5 24. h4 Qh3 25. Qf4 Rfc8 26. Re4 f6 27. c3 Rb8 28. Rg1 Kh7 29. Re3 Qf5+ 30. Qxf5 gxf5 31. Rf1 1/2-1/2

[Event "Sparkassen Chess Trophy 2024 A-Open"]
[Site "Dortmund"]
[Date "2024.08.10"]
[Round "1.37"]
[White "Gloeckler, Christian"]
[Black "Loheide, Michel"]
[Result "1-0"]
[WhiteElo "2289"]
[BlackElo "1975"]
[PlyCount "79"]
[EventDate "2024.08.10"]

1. e4 c5 2. Nc3 d6 3. d4 cxd4 4. Qxd4 Nc6 5. Qd2 Nf6 6. b3 g6 7. Bb2 Bg7 8. O-O-O O-O 9. f3 Be6 10. Kb1 Rc8 11. Nge2 Qa5 12. g4 a6 13. h4 h5 14. gxh5 Nxh5 15. Rg1 b5 16. Rg5 Ne5 17. Bg2 f6 18. Rxh5 gxh5 19. Nd4 Bd7 20. Nf5 Bxf5 21. exf5 Kh7 22. f4 Ng4 23. Bd5 b4 24. Ne4 Qb5 25. Ng3 Kh6 26. Bf3 Rc7 27. Nxh5 Kxh5 28. Qg2 Kh6 29. Qxg4 Qe8 30. h5 Rc5 31. Rh1 Kh7 32. Bd4 Bh6 33. Qg6+ Qxg6 34. fxg6+ Kg7 35. Bxc5 dxc5 36. Re1 e5 37. Rd1 Bxf4 38. Rd7+ Kh6 39. Rh7+ Kg5 40. g7 1-0

[Event "Sparkassen Chess Trophy 2024 A-Open"]
[Site "Dortmund"]
[Date "2024.08.10"]
[Round "1.36"]
[White "Kantor, Nikita"]
[Black "Fiedorek, Michal"]
[Result "0-1"]
[WhiteElo "1971"]
[BlackElo "2297"]
[PlyCount "56"]
[EventDate "2024.08.10"]

1. e4 c5 2. Nf3 d6 3. d4 cxd4 4. Qxd4 Nf6 5. Bc4 Nc6 6. Qd3 g6 7. Nc3 Bg7 8. O-O O-O 9. a3 a6 10. Nd5 Nd7 11. Qe3 b5 12. Be2 e6 13. Nb4 Qc7 14. Nxc6 Qxc6 15. Nd4 Qb6 16. c3 Bb7 17. f3 d5 18. exd5 Bxd5 19. Nc2 Qc7 20. Nb4 Bb7 21. Qf2 Nb6 22. Nd3 Nd5 23. Qh4 Rfc8 24. Bh6 Qd7 25. Kh1 Rc4 26. Nf4 Bxh6 27. Bxc4 Bxf4 28. Bxd5 g5 0-1

[Event "Sparkassen Chess Trophy 2024 A-Open"]
[Site "Dortmund"]
[Date "2024.08.10"]
[Round "1.35"]
[White "Scholz, Christian"]
[Black "Weisskopf, Lutz"]
[Result "1-0"]
[WhiteElo "2305"]
[BlackElo "2026"]
[PlyCount "53"]
[EventDate "2024.08.10"]

1. d4 Nf6 2. c4 g6 3. Nc3 Bg7 4. e4 d6 5. h3 O-O 6. Be3 c5 7. d5 Qa5 8. Bd3 a6 9. a4 e6 10. Nf3 exd5 11. exd5 Nbd7 12. O-O Re8 13. Qd2 Qc7 14. Bh6 Bh8 15. Ng5 Nf8 16. f4 Bd7 17. f5 Re7 18. Rf3 Be8 19. Bxf8 Kxf8 20. fxg6 hxg6 21. Raf1 Nd7 22. Ne6+ Rxe6 23. dxe6 Ne5 24. Nd5 Qc6 25. exf7 Bxf7 26. Rxf7+ Nxf7 27. Bxg6 1-0

[Event "Sparkassen Chess Trophy 2024 A-Open"]
[Site "Dortmund"]
[Date "2024.08.10"]
[Round "1.34"]
[White "Tahashi-Knoche, Farzad"]
[Black "Farokhi, Keyvan"]
[Result "0-1"]
[WhiteElo "1960"]
[BlackElo "2307"]
[PlyCount "96"]
[EventDate "2024.08.10"]

1. d4 Nf6 2. Bf4 d5 3. Nc3 e6 4. e3 a6 5. Nf3 c5 6. Be2 Nc6 7. a3 b5 8. O-O Bb7 9. Ne5 Be7 10. Nb1 O-O 11. Nxc6 Bxc6 12. Nd2 a5 13. Nf3 c4 14. Ne5 Be8 15. f3 Nh5 16. Bg3 Nxg3 17. hxg3 f6 18. Ng4 Bg6 19. Nf2 Qc7 20. f4 b4 21. axb4 axb4 22. Bg4 Bf7 23. Qe2 e5 24. Bf5 Qb6 25. fxe5 fxe5 26. c3 Bd6 27. Rxa8 Rxa8 28. Ng4 exd4 29. Bxh7+ Kxh7 30. Rxf7 Ra1+ 31. Kh2 Kg8 32. Qf3 Qb8 33. Rxg7+ Kxg7 34. Qf6+ Kg8 35. Nh6+ Kh7 36. Nf5 Qf8 37. Qh4+ Kg6 38. Qg4+ Kf6 39. Nh4 Qh6 40. Qxd4+ Ke7 41. Kh3 Qe6+ 42. Kh2 Kd7 43. cxb4 Qe5 44. Qg4+ Kc7 45. b5 Qxe3 46. Qg7+ Qe7 47. Qd4 Qe5 48. Qf2 Qe1 0-1

[Event "Sparkassen Chess Trophy 2024 A-Open"]
[Site "Dortmund"]
[Date "2024.08.10"]
[Round "1.33"]
[White "Kueppers, Timo"]
[Black "Kock, Stefan"]
[Result "1-0"]
[WhiteElo "2288"]
[BlackElo "2029"]
[PlyCount "141"]
[EventDate "2024.08.10"]

1. c4 e5 2. g3 Nf6 3. Bg2 Bc5 4. d3 Nc6 5. Nc3 a6 6. e3 d6 7. Nge2 O-O 8. h3 Re8 9. O-O Ba7 10. b3 Bf5 11. e4 Be6 12. Kh2 Nd7 13. f4 f6 14. f5 Bf7 15. g4 g5 16. fxg6 hxg6 17. Nd5 Nd4 18. Ng3 Ne6 19. Qf3 Bd4 20. Rb1 c6 21. Nxf6+ Nxf6 22. Qxf6 Qxf6 23. Rxf6 Kg7 24. Rf3 Rh8 25. b4 Rh7 26. Ne2 Bb6 27. Bd2 Rah8 28. Rbf1 Kf8 29. Rf6 Ke7 30. Kg3 Bd8 31. Be3 Ke8 32. R6f3 Ng5 33. Bxg5 Bxg5 34. a4 Be6 35. Rb1 Bd7 36. Kf2 Kd8 37. Ng1 Kc7 38. Ke2 b6 39. Rbf1 Be6 40. Rf8 Be7 41. Rxh8 Rxh8 42. Nf3 c5 43. b5 a5 44. g5 Rh5 45. h4 Bg4 46. Rh1 Rh8 47. Kf2 Rf8 48. Kg3 Rf4 49. Nd2 Be2 50. Bf1 Bd1 51. Nb1 Rf3+ 52. Kg2 Rf4 53. Rh3 Bg4 54. Rh2 Bd8 55. Nc3 Kb7 56. Be2 Be6 57. Kg3 Rf8 58. Nd1 Rh8 59. Rf2 Be7 60. Bg4 Bg8 61. Bd7 Kc7 62. Bc6 Be6 63. Rf3 Kd8 64. Ne3 Rh5 65. Bd5 Kd7 66. Bxe6+ Kxe6 67. Nd5 Bd8 68. Rf8 Bxg5 69. hxg5 Rxg5+ 70. Kf2 Rh5 71. Rf6+ 1-0

[Event "Sparkassen Chess Trophy 2024 A-Open"]
[Site "Dortmund"]
[Date "2024.08.10"]
[Round "1.32"]
[White "Ravikumar, Pranava"]
[Black "Gallasch, Jonas"]
[Result "0-1"]
[WhiteElo "1991"]
[BlackElo "2260"]
[PlyCount "100"]
[EventDate "2024.08.10"]

1. d4 d5 2. Nf3 Nf6 3. e3 c5 4. dxc5 e6 5. b4 a5 6. c3 axb4 7. cxb4 b6 8. a4 bxc5 9. b5 c4 10. Be2 Bb4+ 11. Bd2 Ba5 12. O-O Nbd7 13. Qc2 Bb7 14. Bc3 Nc5 15. Nd4 O-O 16. Bb2 Qc7 17. Nc3 Rfd8 18. f4 Re8 19. Nd1 Nfe4 20. Rf3 Bb6 21. Rh3 Nd7 22. Nf2 Nef6 23. Bc3 e5 24. fxe5 Nxe5 25. Qd2 Ba5 26. Nf5 Bxc3 27. Qxc3 Bc8 28. g4 Bxf5 29. gxf5 Qb6 30. Qb4 Qa5 31. Qb2 Ned7 32. Rg3 c3 33. Qa2 Nc5 34. Bd1 Qb6 35. Qc2 Nce4 36. Nxe4 Nxe4 37. Rh3 Ng5 38. Rg3 Rxe3 39. Kg2 Ne4 40. Rf3 Re1 41. Rf1 Rxf1 42. Kxf1 Nd2+ 43. Kg2 Qe3 44. b6 Re8 45. Rc1 Qg5+ 46. Kf2 Qf4+ 47. Kg2 Qf1+ 48. Kg3 Qg1+ 49. Kf4 Qxh2+ 50. Kg5 f6+ 0-1

[Event "Sparkassen Chess Trophy 2024 A-Open"]
[Site "Dortmund"]
[Date "2024.08.10"]
[Round "1.31"]
[White "Van der Hagen, Loek"]
[Black "Krueger, Andre"]
[Result "1-0"]
[WhiteElo "2334"]
[BlackElo "2018"]
[PlyCount "89"]
[EventDate "2024.08.10"]

1. e4 c5 2. Nc3 e6 3. Nf3 Nc6 4. d4 cxd4 5. Nxd4 Nf6 6. Ndb5 Bb4 7. a3 Bxc3+ 8. Nxc3 d5 9. exd5 exd5 10. Bd3 O-O 11. O-O Bg4 12. f3 Bh5 13. Qe1 Bg6 14. Bxg6 hxg6 15. Qf2 d4 16. Rd1 Qb6 17. Ne2 Rad8 18. Rd3 Qc5 19. Nf4 g5 20. Nh3 Ne5 21. Rc3 Qd5 22. Rc7 g4 23. fxg4 Nexg4 24. Qf3 Rc8 25. Qxd5 Nxd5 26. Rd7 Nde3 27. c3 dxc3 28. bxc3 Rfd8 29. Rxd8+ Rxd8 30. Nf2 Nxf2 31. Bxe3 Rd1+ 32. Rxd1 Nxd1 33. Bd4 Nb2 34. Bxa7 b5 35. g4 f6 36. Kg2 g5 37. Kf3 Kf7 38. Ke4 Ke6 39. Kd4 Kd6 40. Bc5+ Ke6 41. Ba7 Nc4 42. a4 Ne5 43. axb5 Nxg4 44. b6 Kd6 45. b7 1-0

[Event "Sparkassen Chess Trophy 2024 A-Open"]
[Site "Dortmund"]
[Date "2024.08.10"]
[Round "1.30"]
[White "Buchinger, Alexis"]
[Black "Bashirov, Kemal"]
[Result "0-1"]
[WhiteElo "1991"]
[BlackElo "2339"]
[PlyCount "108"]
[EventDate "2024.08.10"]

1. e4 c5 2. Nf3 d6 3. d4 cxd4 4. Nxd4 Nf6 5. Nc3 a6 6. Bc4 e6 7. Bb3 Nbd7 8. f4 Nc5 9. e5 dxe5 10. fxe5 Nfd7 11. Bf4 Qc7 12. Qe2 Be7 13. O-O-O O-O 14. h4 b5 15. Rh3 Bb7 16. Rg3 b4 17. Qg4 g6 18. Nxe6 fxe6 19. Bxe6+ Kh8 20. h5 Rxf4 21. Qxf4 Qxe5 22. Qxe5+ Nxe5 23. Nd5 Bh4 24. Rh3 Bg5+ 25. Kb1 Nxe6 26. hxg6 Nxg6 27. Nxb4 Bxg2 28. Rg3 Be4 29. Re1 Bh4 30. Rxe4 Bxg3 31. Rxe6 Kg7 32. Nxa6 h5 33. Nc5 h4 34. Ne4 Be5 35. Ng5 Rf8 36. a4 Rf5 37. Nh3 Rf3 38. a5 Rxh3 39. a6 Rf3 40. a7 Rf8 41. Ra6 Ra8 42. c3 h3 43. Kc2 h2 44. Ra1 Kh6 45. b4 Rxa7 46. Rxa7 h1=Q 47. Ra5 Qf3 48. Rc5 Kh5 49. Kb3 Qd1+ 50. Kc4 Kg4 51. Kb5 Qd7+ 52. Ka5 Qa7+ 53. Kb5 Qa3 54. Rc4+ Kf3 0-1

[Event "Sparkassen Chess Trophy 2024 A-Open"]
[Site "Dortmund"]
[Date "2024.08.10"]
[Round "1.29"]
[White "Zamengo, Fulvio"]
[Black "Brotto, Alessandro"]
[Result "1-0"]
[WhiteElo "2342"]
[BlackElo "2037"]
[PlyCount "85"]
[EventDate "2024.08.10"]

1. e4 e5 2. Nf3 Nc6 3. Bc4 Nf6 4. d3 d5 5. exd5 Nxd5 6. O-O Nb6 7. Bb5 Bd6 8. d4 e4 9. Re1 f5 10. Bg5 Be7 11. Bxe7 Qxe7 12. Ne5 Qf6 13. f4 Bd7 14. Bxc6 Bxc6 15. c4 O-O-O 16. a4 g5 17. fxg5 Qxe5 18. dxe5 Rxd1 19. Rxd1 Nxc4 20. e6 Re8 21. Rf1 Ne3 22. Rf2 Rxe6 23. Nc3 Re5 24. Re1 Nc4 25. h4 e3 26. Rf4 Nxb2 27. Rd4 f4 28. Re2 Rc5 29. Rxb2 Rxc3 30. Rxf4 Rc1+ 31. Kh2 Kd8 32. Re2 Rc3 33. Kg3 Ke7 34. Rd4 a6 35. Kf4 Kf7 36. Rxe3 Rxe3 37. Kxe3 Bxg2 38. Rd7+ Kg6 39. Rxc7 h6 40. gxh6 Kxh6 41. a5 Bc6 42. Kd4 Kh5 43. Rxc6 1-0

[Event "Sparkassen Chess Trophy 2024 A-Open"]
[Site "Dortmund"]
[Date "2024.08.10"]
[Round "1.28"]
[White "Stevens, Titus"]
[Black "Waldhausen Gordon, Frederick"]
[Result "0-1"]
[WhiteElo "2005"]
[BlackElo "2342"]
[PlyCount "84"]
[EventDate "2024.08.10"]

1. c4 e6 2. g3 d5 3. Bg2 Nf6 4. Nf3 Be7 5. d4 O-O 6. Qc2 c6 7. b3 Nbd7 8. O-O b6 9. Bb2 Bb7 10. Rd1 Rc8 11. Nc3 Qc7 12. Rac1 Rfd8 13. e3 Qb8 14. Qe2 Qa8 15. Ne5 dxc4 16. Nxd7 Rxd7 17. bxc4 c5 18. d5 exd5 19. cxd5 Re8 20. e4 Bf8 21. Qc4 Ng4 22. Qa4 Qd8 23. Bh3 f5 24. f3 Nh6 25. exf5 Rf7 26. g4 a6 27. Bg2 b5 28. Qc2 Bd6 29. Ne4 Bf4 30. Qxc5 Rxe4 31. fxe4 Nxg4 32. Rc3 Bc7 33. Qd4 Bxh2+ 34. Kf1 Be5 35. Qd2 Bxc3 36. Bxc3 Qd6 37. Bd4 Qg3 38. Bg1 a5 39. Rc1 b4 40. Bb6 Ba6+ 41. Qe2 Bxe2+ 42. Kxe2 Qxg2+ 0-1

[Event "Sparkassen Chess Trophy 2024 A-Open"]
[Site "Dortmund"]
[Date "2024.08.10"]
[Round "1.27"]
[White "Hoang, Thanh Trang"]
[Black "Mader, Fabian"]
[Result "1-0"]
[WhiteElo "2354"]
[BlackElo "2019"]
[PlyCount "69"]
[EventDate "2024.08.10"]

1. d4 Nf6 2. Nf3 g6 3. Bf4 Bg7 4. e3 O-O 5. h3 d5 6. Nbd2 Nbd7 7. Be2 c5 8. c3 b6 9. O-O Bb7 10. b4 c4 11. a4 h6 12. Qc2 Re8 13. Rfd1 Nf8 14. Ne5 Ne6 15. Bh2 Ng5 16. h4 Nge4 17. Nxe4 Nxe4 18. Bf3 Nd6 19. a5 a6 20. axb6 Qxb6 21. Ra5 Nb5 22. Nd7 Qd8 23. Nc5 Qb6 24. Rda1 e6 25. h5 g5 26. e4 dxe4 27. Bxe4 Bxe4 28. Nxe4 e5 29. dxe5 Bxe5 30. Bxe5 Rxe5 31. Nc5 Rae8 32. Rxa6 Qc7 33. g3 Kg7 34. R1a5 Nd6 35. Qd2 1-0

[Event "Sparkassen Chess Trophy 2024 A-Open"]
[Site "Dortmund"]
[Date "2024.08.10"]
[Round "1.26"]
[White "Steinle, Carsten"]
[Black "Mainka, Romuald"]
[Result "1/2-1/2"]
[WhiteElo "2017"]
[BlackElo "2370"]
[PlyCount "66"]
[EventDate "2024.08.10"]

1. Nf3 e6 2. b3 c5 3. Bb2 Nf6 4. e3 Be7 5. Be2 O-O 6. O-O b6 7. c4 Bb7 8. d4 cxd4 9. Nxd4 Na6 10. Bf3 Qb8 11. Nc3 Nc5 12. Rc1 a6 13. Qe2 Nfe4 14. Nxe4 Nxe4 15. Qc2 f5 16. Rfd1 Bd6 17. h3 Qe8 18. Ne2 Bc7 19. Nc3 Nc5 20. Bxb7 Nxb7 21. Qd2 Rf7 22. Rc2 Rc8 23. Qe2 Bb8 24. Qf3 Rc6 25. Rcd2 f4 26. e4 Be5 27. Ne2 Bxb2 28. Rxb2 e5 29. Rbd2 Rg6 30. Kf1 Nc5 31. Rd5 a5 32. Ng1 Rgf6 33. Qh5 Re6 1/2-1/2

[Event "Sparkassen Chess Trophy 2024 A-Open"]
[Site "Dortmund"]
[Date "2024.08.10"]
[Round "1.25"]
[White "Altini, Nicola"]
[Black "Udelnov, Valentin"]
[Result "1-0"]
[WhiteElo "2374"]
[BlackElo "2037"]
[PlyCount "83"]
[EventDate "2024.08.10"]

1. d4 Nf6 2. c4 g6 3. Nc3 Bg7 4. e4 d6 5. h3 O-O 6. Be3 e5 7. d5 Na6 8. g4 Nc5 9. f3 a5 10. Qd2 c6 11. Nge2 cxd5 12. cxd5 a4 13. Ng3 Bd7 14. h4 Qa5 15. h5 b5 16. h6 Bh8 17. Nf5 Bxf5 18. gxf5 b4 19. Nb5 Nfxe4 20. fxe4 Nxe4 21. Qg2 a3 22. b3 Nc3 23. Nxd6 Qc7 24. Nc4 e4 25. d6 Qd8 26. Nb6 Nb5 27. Bxb5 Bxa1 28. Nxa8 Bc3+ 29. Ke2 Qxa8 30. Bc4 Kh8 31. fxg6 hxg6 32. Rf1 Qc6 33. Qxg6 Rg8 34. Qxf7 Rg2+ 35. Rf2 Rg1 36. Qf8+ Kh7 37. Rf7+ Kg6 38. Qg8+ Bg7 39. Qxg7+ Kh5 40. Rf5+ Kh4 41. Bf2+ Kh3 42. Rh5# 1-0

[Event "Sparkassen Chess Trophy 2024 A-Open"]
[Site "Dortmund"]
[Date "2024.08.10"]
[Round "1.24"]
[White "Sheng, Ming"]
[Black "Zemach, Nadav"]
[Result "0-1"]
[WhiteElo "2035"]
[BlackElo "2384"]
[PlyCount "78"]
[EventDate "2024.08.10"]

1. e4 e5 2. Nf3 Nc6 3. Bc4 Nf6 4. d3 h6 5. O-O d6 6. c3 g6 7. Nbd2 Bg7 8. Re1 O-O 9. h3 Na5 10. Bb5 a6 11. Ba4 b5 12. Bc2 c5 13. d4 Nc6 14. Nf1 Bb7 15. Be3 cxd4 16. cxd4 exd4 17. Nxd4 Ne5 18. Nd2 Re8 19. f3 Rc8 20. a4 b4 21. Qe2 d5 22. f4 Nc6 23. e5 Nxd4 24. Bxd4 Nh5 25. Bxg6 fxg6 26. Qg4 Rc6 27. Rac1 Qc8 28. Rxc6 Bxc6 29. Qxg6 Nxf4 30. Qg3 Ne6 31. Be3 Kh7 32. Nf3 d4 33. Nxd4 Nxd4 34. Bxd4 Qf5 35. Rf1 Qg6 36. Qf2 Rf8 37. Qe2 Rxf1+ 38. Qxf1 Bxa4 39. Qc4 Bc6 0-1

[Event "Sparkassen Chess Trophy 2024 A-Open"]
[Site "Dortmund"]
[Date "2024.08.10"]
[Round "1.23"]
[White "Meins, Gerlef"]
[Black "Kosev, Momchil"]
[Result "1-0"]
[WhiteElo "2384"]
[BlackElo "1988"]
[PlyCount "101"]
[EventDate "2024.08.10"]

1. d4 d5 2. c4 e6 3. Nf3 c5 4. cxd5 exd5 5. Nc3 Nf6 6. g3 Nc6 7. Bg2 Be7 8. O-O O-O 9. b3 Ne4 10. Bb2 Bf6 11. Na4 cxd4 12. Nxd4 Bd7 13. Rc1 Rc8 14. Nc5 Nxd4 15. Bxd4 Bc6 16. Bh3 Ra8 17. Rc2 Re8 18. Bg4 h6 19. Qa1 Qe7 20. Bxf6 Nxf6 21. Bf3 Ne4 22. Qd4 Red8 23. Nd3 a5 24. Rd1 g5 25. Bg4 Qf6 26. Qxf6 Nxf6 27. Bf3 Ne4 28. Nc5 Kg7 29. e3 Kg6 30. Rd4 Re8 31. Nxe4 dxe4 32. Rxc6+ bxc6 33. Bxe4+ Rxe4 34. Rxe4 Rd8 35. Rc4 Rd1+ 36. Kg2 Rd2 37. Rxc6+ Kg7 38. a4 Rb2 39. Rb6 f5 40. h4 g4 41. h5 Rb1 42. Rg6+ Kf7 43. Rxh6 Rxb3 44. Ra6 Rb8 45. Rxa5 Ke6 46. Ra7 Rh8 47. h6 Kd5 48. h7 Kd6 49. a5 Rf8 50. Rg7 Rh8 51. a6 1-0

[Event "Sparkassen Chess Trophy 2024 A-Open"]
[Site "Dortmund"]
[Date "2024.08.10"]
[Round "1.22"]
[White "Winkler, Yonathan"]
[Black "Wegener, Olaf"]
[Result "1/2-1/2"]
[WhiteElo "2047"]
[BlackElo "2390"]
[PlyCount "67"]
[EventDate "2024.08.10"]

1. e4 c5 2. Nf3 d6 3. d4 cxd4 4. Nxd4 Nf6 5. Nc3 a6 6. f3 e5 7. Nb3 Be6 8. Be3 h5 9. a4 Nbd7 10. a5 Be7 11. Qd2 Qc7 12. Be2 Qc6 13. O-O O-O 14. Rfd1 Rfc8 15. Rac1 Bc4 16. Bxc4 Qxc4 17. Nd5 Nxd5 18. Qxd5 Qxd5 19. exd5 Bd8 20. c4 f5 21. Re1 Kf7 22. c5 dxc5 23. Nxc5 Nxc5 24. Bxc5 Bf6 25. Bd6 Rxc1 26. Rxc1 Rd8 27. Rc7+ Ke8 28. Bb4 Rd7 29. d6 Rxc7 30. dxc7 Kd7 31. Bd6 e4 32. fxe4 fxe4 33. b4 Bd4+ 34. Kf1 1/2-1/2

[Event "Sparkassen Chess Trophy 2024 A-Open"]
[Site "Dortmund"]
[Date "2024.08.10"]
[Round "1.21"]
[White "Zuferi, Enis"]
[Black "Stork, Simon"]
[Result "1-0"]
[WhiteElo "2394"]
[BlackElo "2055"]
[PlyCount "73"]
[EventDate "2024.08.10"]

1. d4 d5 2. c4 c6 3. Nf3 Nf6 4. g3 Bf5 5. Nc3 e6 6. Nh4 Bg6 7. Nxg6 hxg6 8. Qd3 Be7 9. Bg2 O-O 10. O-O Nbd7 11. Rd1 Nb6 12. b3 a5 13. Bf4 Qd7 14. Rab1 Rfd8 15. c5 Nc8 16. b4 b6 17. a3 axb4 18. axb4 b5 19. Ra1 Ra7 20. Ra5 Rxa5 21. bxa5 Nh5 22. Be5 f5 23. Na2 Qa7 24. Nb4 Qd7 25. Bb8 Qb7 26. a6 Qxb8 27. Nxc6 Qa8 28. Nxd8 Qxa6 29. Nxe6 Qxe6 30. Qxb5 Nf6 31. Ra1 Bd8 32. Ra6 Qe7 33. Ra8 Qc7 34. Qb8 Qe7 35. Qxc8 Qxe2 36. Qxd8+ Kh7 37. Qh8# 1-0